LEADER 01076nam a2200265 u 4500 001 000000046580 003 CaOOAMICUS 005 20070226114805.0 008 990714s1985 mau u000 u eng u 020 $a0935372156 035 $a10829745 040 $aPUL(R)$bita 100 1 $aAshley, Benedict M.,$cO.P.$0(OLS)http://pul/name/33906 245 10$aTheologies of the body :$bhumanist and christian /$cBenedict M. Ashley, O.P. 260 $aBraintree, Massachusetts :$bThe Pope John Center,$c1985. 300 $axii, 770 p. ;$c23 cm 500 $aInclude indici. 650 4$aBioetica.$0(OLS)http://pul/subject/2868 850 $aPUL 852 $aPUL$W1$xSL Religione 1$y3$m39 B 110$j62402$nBK-PRI$b $qStampati$B62402$CPULBib$Z2$F62402 $H $81 941 1 $a8 961 $aINV: 64510 996 $6020$a0935372156$9(OLS)http://pul/number/58073 996 $6245$aTheologies of the body :$bhumanist and christian$9(OLS)http://pul/title/62717 996 $6260$aBraintree, Massachusetts :$bThe Pope John Center$9(OLS)http://pul/publisher/66557 LEADER 01539nam a2200337 u 4500 001 000000071657 003 CaOOAMICUS 005 20070226122145.0 008 020531s1983 it u000 u ita u 020 $a8831142771 035 $a10931680 040 $aPUL(R)$bita 041 1 $aita$hfre 100 1 $aCarolus de Foucauld,$csanto,$d1858-1916.$0(OLS)http://pul/name/40585 245 10$aChi può resistere a Dio? :$bmeditazioni sulla Sacra Scrittura (1896-1898) /$cCharles de Foucauld. 260 $aRoma :$bCittà Nuova,$c1983. 300 $a319 p. ;$c19 cm 490 1 $aScritti spirituali di Charles de Foucauld edizione integrale.$aMeditazioni ;$v2-3 504 $aBibliografia in nota. 630 04$aBiblia$xMeditazioni.$0(OLS)http://pul/subject/22029 830 0$aScritti spirituali di Charles de Foucauld edizione integrale.$pMeditazioni ;$v2-3.$0(OLS)http://pul/title/94320 850 $aPUL 852 $aPUL$W1$xDP1 Religione 1$y20$m557 L 4$j92702$nBK-PRI$b $qStampati$B92702$CPULBib$Z2$F92702 $H $81 900 $aDe Foucauld, Charles Eugène,$cb.,$d1858-1916$940585 900 $aCarolus de Foucauld,$cb.,$d1858-1916?$940585 900 $aCharles de Foucauld,$cb.,$d1858-1916$940585 941 1 $a8 961 $aINV: 57908 996 $6020$a8831142771$9(OLS)http://pul/number/92543 996 $6245$aChi può resistere a Dio? :$bmeditazioni sulla Sacra Scrittura (1896-1898)$9(OLS)http://pul/title/94322 996 $6260$aRoma :$bCittà Nuova$9(OLS)http://pul/publisher/47927